Responses for Show #8521 - Monday, November 29, 2021

Amy Schneider game 9.

Contestants

[<< previous game]

Andrea Asuaje, a podcast producer from Allston, Massachusetts

Nishanth Iyengar, a resident physician from Ronkonkoma, New York

Amy Schneider, an engineering manager from Oakland, California (whose 8-day cash winnings total $295,200)

[next game >>]

Jeopardy! Round responses

19something
PLAY CHARACTERS
KNEAD TO KNOW
HELPING THE PLANET
HE HAD A HAT
IN OTHER WORDS...RUN!
    $200 16
Brown v. the Board of Education

Andrea
    $200 9
Willy Loman

Amy
    $200 11
pita bread

Amy
    $200 17
carbon

Andrea
    $200 1
Indiana Jones

Andrea
    $200 26
sprint

Amy
    $400 22
the Berlin Wall

Amy
    $2,200 8
Ophelia

Amy
    $400 12
bagels

Amy
    $400 18
reduce, reuse, recycle

Andrea
    $400 2
(Ken: That's a big hat.)

Pharrell Williams

Nishanth
    $400 27
hustle

Nishanth
    $600 23
in vitro fertilization

Amy
    $600 7
(Ken: Stella's husband in Streetcar Named Desire--[*].)

Stanley (Kowalski)

Triple Stumper
    $600 13
challah

Andrea
    $600 19
soybeans

Amy
    $600 3
Harpo

Amy
    $600 30
dart

Andrea
    $800 24
the Fourteen Points

Andrea
    $800 6
(Andrea: Who is Harold?)

(Henry) Higgins

AmyAndrea
    $800 14
French toast

Amy
    $800 20
Denmark

Amy
    $800 4
Marvin the Martian

Amy
    $800 29
a bolt

Amy
    $1000 25
(Nishanth: Who is Aquino?)

(Ferdinand) Marcos

AmyNishanth
    $1000 10
Cyrano de Bergerac

Andrea
    $1000 15
focaccia

Amy
    $1000 21
Thunberg

Amy
    $1000 5
Oddjob

Nishanth
    $1000 28
rush

Andrea

Scores at the first commercial break (after clue 15):

Amy Nishanth Andrea
$7,000 $1,400 $1,000

Scores at the end of the Jeopardy! Round:

Amy Nishanth Andrea
$12,400 $800 $4,200

Double Jeopardy! Round responses

JESUS & NERO
TRAVEL & TOURISM
THE ANIMAL KINGDOM
WORDS & PHRASES
WE'VE GOT THAT BAND'S NUMBER
WHO'S YOUR "C-O"?
    $400 29
Galilee

Amy
    $400 30
(Andrea: What are puppets?)
(Ken: [Overlapping with Andrea] More specific, please.)
(Andrea: [Overlapping with Ken] What are [*]?)

marionettes

Andrea
    $400 26
a butterfly fish

Amy
    $400 13
a hat trick

Andrea
    $400 3
Maroon 5

Andrea
    $400 8
(Nishanth: What is cadet officer?)
(Andrea: What is commanding officer?)

corporal

AmyNishanthAndrea
    $800 28
(Amy: What is the eruption of Vesuvius?)

the fire (when Rome burned)

Amy
Triple Stumper
    $800 22
Beijing

Amy
    $800 25
(Ken: [*]? [**]? I don't know what the plural is.)
[Laughter]

mongooses (mongeese)

Andrea
    $800 14
the Tower of Babel

Nishanth
    $800 4
Blink-182

Andrea
    $800 9
colonel

Amy
    $1200 27
Matthew, Mark & Luke

Amy
    $4,000 2
Tuscany

Amy
    $1200 24
an iguana

Amy
    $1200 20
lock, stock and barrel

Amy
    $1200 5
the B-52s

Amy
    $1200 10
a coxswain

Andrea
    $1600 19
a lyre

Andrea
    $1600 1
(Nishanth: What is Hounduras?)

Guatemala

AmyNishanth
    $1600 23
(Andrea: What are gazelles?)

antelopes

AmyAndrea
    $1600 21
sesquicentennial

Nishanth
    $4,000 6
(Amy: What is... 1945?)

The 1975

Amy
    $1600 11
corpsmen

Amy
    $2000 18
the Antichrist

Amy
    $2000 17
(Andrea: What is Lima?)

Cusco

NishanthAndrea
    $2000 16
a rhinoceros beetle

Nishanth
    $2000 15
(Ken: For Philip of Macedon, that's [*].)

a philippic

Triple Stumper
    $2000 7
4 Non Blondes

Amy
    $2000 12
a commodore

Amy

Scores at the end of the Double Jeopardy! Round:

Amy Nishanth Andrea
$30,000 $5,200 $5,800
(lock game)

[wagering suggestions for these scores]

Final Jeopardy! Round responses

19th CENTURY LITERATURE
(Ken: [To Nishanth] Quasimodo is the bell ringer at Notre Dame Cathedral.)
...
(Ken: [To Andrea] Also set in Paris.)
NishanthWhat is The Hunchback of Notre Dame?
$0
AndreaWhat is "Les Miserables"?
$3,200
AmyWhat is The Hunchback of Notre Dame?
$17,000
The Hunchback of Notre Dame

Final scores:

Amy Nishanth Andrea
$47,000 $5,200 $2,600
9-day champion: $342,200 2nd place: $2,000 3rd place: $1,000

Game dynamics:

Coryat scores:

Amy Nishanth Andrea
$29,400 $5,200 $5,800
33 R
(including 2 DDs),
2 W
(including 1 DD)
7 R,
3 W
16 R,
4 W

Combined Coryat: $40,400

[game clues] [game scores] [suggest correction]

Game tape date: 2021-10-05
The J! Archive is created by fans, for fans. Scraping, republication, monetization, and malicious use prohibited; this site may use cookies and collect identifying information. See terms. The Jeopardy! game show and all elements thereof, including but not limited to copyright and trademark thereto, are the property of Jeopardy Productions, Inc. and are protected under law. This website is not affiliated with, sponsored by, or operated by Jeopardy Productions, Inc. Join the discussion at JBoard.tv.